000 00750nam a22002418i 4500
001 019898289
003 EG-ScBUE
005 20251125093038.0
008 200817n202u ua f 000 j eng d
020 _a9789778732931
040 _aStDuBDS
_beng
_erda
_cStDuBDS
_dEG-ScBUE
082 0 4 _a823.914
_222
_bCRO
100 1 _aCroxford, Leslie,
_d1944-
_eauthor.
_941842
245 1 0 _aFrom Madrid to Heaven :
_bshort stories /
_cLeslie Croxford.
264 1 _a[Cairo] :
_bDiwan Publishing,
_c[202-?]
300 _a303 pages ;
_c22 cm
336 _atext
_2rdacontent
_btxt
337 _aunmediated
_2rdamedia
_bn
338 _avolume
_2rdacarrier
_bnc
650 7 _aEnglish fiction
_y20th century.
_2BUEsh
655 0 _vReading book
_933706
942 _2ddc
_cBB
999 _c31003
_d30974